000 00798nam a2200205 a 4500
001 BRCA_1044
005 20190320203245.0
008 100408s2005----mx-a---###---#000-0#spa-#
020 _a9685844021
050 4 _aF1226.M4
_b.M57 2005
100 1 _aBáez Macías, Eduardo
_910
245 1 0 _aUna mirada al pasado
_bla enseñanza del arte en la Academia de San Carlos, siglos XVIII y XIX
_cEduardo Báez Macías.
260 _aMéxico
_bSantander
_c2005
300 _a245 p.
_bil. a color
_c29 cm.
500 _aIncluye piezas de la colección Franz Mayer: p. 4-7, 184, 250-251
504 _aBibliografía: p. [247]
610 2 4 _aAcademia de San Carlos (Ciudad de México)
_xHistoria
_ySiglos XVIII a XIX
_93446
650 1 4 _aArte
_xEstudio y enseñanza
_ySiglos XVIII a XIX
_zMéxico
_93447
942 _2lcc
_cB
999 _c923
_d923